[Event "AUTO-OPEN-4647"]
[Site "http://www.queenalice.com/game.php?id=1871642"]
[Date "2026.4.8"]
[Round "1"]
[White "princesher"]
[Black "mvson33"]
[Result "1-0"]
[WhiteElo "2055"]
[BlackElo "1842"]

1. e4 c5 2. c4 Nc6 3. Bd3 d6 4. h3 Nf6 5. a3 g6 6. Nc3 Bg7 7. Be2 O-O 8. d3 Bd7
9. Nf3 Rc8 10. Nd5 Be6 11. Nxf6+ Bxf6 12. Rb1 Bg7 13. Bd2 Nd4 14. Nxd4 Bxd4 15.
Bg4 Qd7 16. Bxe6 Qxe6 17. b4 Qf6 18. O-O cxb4 19. axb4 Qg7 20. Qc1 Rfd8 21. b5
Bc5 22. g4 Re8 23. Kg2 Bd4 24. f4 Rc7 25. Kf3 Rec8 26. Be3 Bxe3 27. Qxe3 a6 28.
bxa6 bxa6 29. g5 h6 30. h4 h5 31. Rb6 Rc6 32. Rxc6 Rxc6 33. Qa7 Qf8 34. Qb7 Qc8
35. Qxc8+ Rxc8 36. Ra1 Ra8 37. e5 a5 38. exd6 exd6 39. Ra4 Kf8 40. Ke4 Ke7 41.
Kd5 Kd7 42. d4 Kc7 43. c5 dxc5 44. Kxc5 Kd7 45. d5 Rc8+ 46. Kb6 Kd6 47. Rxa5
Rb8+ 48. Ka7 Rb4 49. Ra6+ Kxd5 50. Rf6 Ra4+ 51. Kb7 Rb4+ 52. Kc7 Rc4+ 53. Kd7
Ra4 54. Ke7 Ra7+ 55. Kf8 Ke4 56. Rxf7 Rxf7+ 57. Kxf7 Kxf4 58. Kxg6 Kg4 59. Kf6
Kxh4 60. g6 Kg3 61. g7 h4 62. g8=Q+ Kh2 63. Kf5 h3 64. Kf4 Kh1 65. Qg4 h2 66.
Kg3 1-0

[Event "AUTO-OPEN-4647"]
[Site "http://www.queenalice.com/game.php?id=1871643"]
[Date "2026.4.8"]
[Round "1"]
[White "mvson33"]
[Black "princesher"]
[Result "0-1"]
[WhiteElo "1855"]
[BlackElo "2015"]

1. Nf3 h6 2. e4 a6 3. Bc4 b5 4. Bb3 d6 5. a3 Bg4 6. d3 e6 7. Be3 Be7 8. Nbd2
Bxf3 9. Nxf3 Nf6 10. O-O Nbd7 11. Bd2 c6 12. Qe2 a5 13. Ba2 e5 14. Rad1 c5 15.
h3 a4 16. Nh2 Nh7 17. f4 exf4 18. Bxf4 O-O 19. Nf3 Qb6 20. Kh1 Rae8 21. Be3 g5
22. Bc1 Kg7 23. Bb1 Bf6 24. Qf2 Qc6 25. c3 Ne5 26. d4 cxd4 27. cxd4 Nxf3 28.
Qxf3 Be7 29. Qd3 Qc4 30. e5 Qxd3 31. Bxd3 Rb8 32. Be3 d5 33. Rc1 b4 34. axb4
Rxb4 35. Rc2 Rb3 36. Rd1 f5 37. Bf2 Rf7 38. Be2 Nf8 39. Bf3 Rb5 40. Rc5 Bxc5 41.
dxc5 Rxb2 42. Bg1 Rc7 43. Rxd5 Rb1 44. Kh2 a3 45. Rd2 Rb2 46. Rd3 a2 47. Ra3 Rd2
48. Ra4 Nd7 49. e6 Nxc5 0-1

[Event "AUTO-OPEN-4647"]
[Site "http://www.queenalice.com/game.php?id=1871646"]
[Date "2026.4.8"]
[Round "1"]
[White "princesher"]
[Black "bmax"]
[Result "0-1"]
[WhiteElo "1992"]
[BlackElo "2282"]

1. e4 c6 2. h3 d5 3. e5 Bf5 4. d4 e6 5. a3 c5 6. c3 Nc6 7. Bb5 Be4 8. Bxc6+ bxc6
9. Nf3 Qb6 10. Nbd2 Bd3 11. Qb3 c4 12. Qxb6 axb6 13. b3 cxb3 14. Nxb3 Bc2 15.
Nbd2 Ne7 16. O-O Nf5 17. Ne1 Ba4 18. g4 Nh4 19. Ndf3 Be7 20. Nxh4 Bxh4 21. Nf3
Be7 22. Bb2 h5 23. g5 Kd7 24. h4 f6 25. g6 Bc2 26. exf6 Bxf6 27. Rfe1 Bxg6 28.
Bc1 Be4 29. Ne5+ Bxe5 30. dxe5 Raf8 31. f4 Rhg8 32. Kf2 g5 33. hxg5 Rxg5 34. Ke3
Rg3+ 35. Kf2 Rg2+ 36. Ke3 Rfg8 37. Re2 R8g3+ 38. Kd2 h4 39. Rxg2 Rxg2+ 40. Ke3
h3 41. Bd2 h2 42. c4 Rg1 43. Ra2 h1=Q 44. cxd5 Qf3+ 45. Kd4 Qd3# 0-1

[Event "AUTO-MASTER-3301"]
[Site "http://www.queenalice.com/game.php?id=1871832"]
[Date "2026.4.11"]
[Round "1"]
[White "princesher"]
[Black "yy"]
[Result "1-0"]
[WhiteElo "1988"]
[BlackElo "2058"]

1. e4 e5 2. a3 Nf6 3. d3 d5 4. Bg5 d4 5. Bxf6 Qxf6 6. h3 Nc6 7. b4 b5 8. Be2 a5
9. bxa5 Rxa5 10. Nf3 b4 11. Qc1 Ra4 12. Qb2 Bc5 13. O-O O-O 14. axb4 Rxb4 15.
Qc1 Qg6 16. Qg5 Qe6 17. Qh5 Rb2 18. Ng5 Qe7 19. Qxh7# 1-0

[Event "AUTO-MASTER-3301"]
[Site "http://www.queenalice.com/game.php?id=1871833"]
[Date "2026.4.11"]
[Round "1"]
[White "yy"]
[Black "princesher"]
[Result "1/2-1/2"]
[WhiteElo "2053"]
[BlackElo "2057"]

1. e4 e5 2. Nf3 d6 3. d4 Bg4 4. Be2 Bxf3 5. Bxf3 Be7 6. dxe5 dxe5 7. Qxd8+ Bxd8
8. Nc3 c6 9. O-O h6 10. Be3 b6 11. Rfd1 Nf6 12. Rd2 Bc7 13. Rad1 O-O 14. Be2 b5
15. g3 Ba5 16. Rd3 Bxc3 17. Rxc3 a6 18. Bf3 Nbd7 19. Rxc6 Rfc8 20. Rdd6 Rxc6 21.
Rxc6 a5 22. Bg2 b4 23. f4 Ng4 24. Bd2 exf4 25. gxf4 Rd8 26. Rd6 Ngf6 27. e5 Ne8
28. Rd4 Kf8 29. Bc6 Ke7 30. c3 Nb8 31. Rxd8 Kxd8 32. Ba4 bxc3 33. Bxc3 Na6 34.
Bxa5+ Ke7 35. b4 g6 36. b5 Nb8 37. b6 h5 38. h4 Ng7 39. b7 Ne6 40. Bb4+ Kd8 41.
Bb3 Kc7 42. Bd5 Kb6 43. Bd2 Nd8 44. a4 Nbc6 45. Kf2 Kxb7 46. Kf3 Kb6 47. Ke4 Ne7
48. Bc4 Nf5 49. Be1 Ne6 50. Bxe6 fxe6 51. Kd3 Ne7 52. Kc4 Nd5 53. a5+ Kc6 54.
Bd2 Nc7 55. Kb4 Nd5+ 56. Ka4 Ne7 57. Be3 Nf5 58. Bf2 Ne7 59. a6 Nf5 60. Ka5 Ne7
61. Ba7 Nd5 62. Bb8 Nxf4 63. Ba7 Nd3 64. Bd4 Ne1 65. Bf2 Nf3 66. Bg3 g5 67. hxg5
Nxg5 68. Bf2 Nf3 69. a7 Kb7 70. Kb5 Nxe5 71. Bg1 Nf3 72. Bf2 e5 73. Kc4 h4 74.
Kd5 h3 75. Bg3 Kxa7 76. Ke4 h2 77. Bxh2 Nxh2 78. Kxe5 1/2-1/2